|
|
|
|
| LEADER |
00665naa a2200181 i 4500 |
| 001 |
misc39115 |
| 005 |
20200430141506.0 |
| 008 |
180511s1994 hu o 0|| zxx d |
| 022 |
|
|
|a 0865-0632
|
| 040 |
|
|
|a SZTE Miscellanea Repozitórium
|b hun
|
| 041 |
|
|
|a zxx
|
| 100 |
1 |
|
|a Varga András
|
| 245 |
1 |
3 |
|a Az altdorfi egyetem magyar diákjai (1583-1718)
|h [elektronikus dokumentum] /
|c Varga András
|
| 260 |
|
|
|c 1994
|
| 300 |
|
|
|a 1-19
|
| 490 |
0 |
|
|a Lymbus Művelődéstörténeti Tár
|v 5
|
| 695 |
|
|
|a Felsőoktatás - Németország - 16-18. sz., Művelődéstörténet - magyar - 16-18. sz.
|
| 856 |
4 |
0 |
|u http://misc.bibl.u-szeged.hu/39115/1/lym_005_001-019.pdf
|z Dokumentum-elérés
|